Les "Père" et "Mère" célèbres - Statistiques

Statistiques générales
  • Ce quiz a été pris 874 fois
  • Le résultat moyen est 8 sur 12
Statistiques - réponses
Indice Réponse % Correct
Célèbre distributeur de cadeaux et sa femme Le Père {Noël} et la Mère {Noël}
94%
Compagnon de Saint Nicolas qui réprimande les enfants désobéissants Le Père {Fouettard}
91%
Elle a perdu son chat d'après une comptine La Mère {Michel}
90%
Prêtre confesseur de Louis XIV ayant laissé son nom à un cimetière parisien Le Père {Lachaise}
86%
Il pose des énigmes aux candidats d'un célèbre jeu TV Le Père {Fouras}
80%
Elle a beaucoup œuvré pour les plus démunis à Calcutta et a reçu le prix Nobel de la paix en 1979 Mère {Teresa}
80%
Animal de fiction racontant des histoires à ses enfants Câline, Grignotte et Benjamin Père {Castor}
77%
Il lui a répondu que son chat n'était pas perdu selon cette même chanson Le Père {Lustucru}
68%
Personnage de la Comédie Humaine d'Honoré de Balzac Le Père {Goriot}
67%
Cuisinière renommée pour son auberge du Mont-Saint-Michel et pour une recette d'omelette La Mère {Poulard}
58%
Lavandière qui disait "C'est ben vrai ça" dans des publicités des années 70 et 80 La Mère {Denis}
31%
Personnage culte des Inconnus parodiant le Père Ducros Le Père {Ducrasse}
15%
Aucun quiz correspondant
Distribution des résultats
% des personnes avec chaque résultat
Percentile par nombre de réponses
Votre historique - résultats
Vous n’avez pas pris ce quiz